[Event "4th GRENKE Open 2019"]
[Site "Karlsruhe"]
[Date "2019.04.21"]
[Round "6.18"]
[White "Svane, Rasmus"]
[Black "Kopylov, Michael"]
[Result "1-0"]
[WhiteElo "2605"]
[BlackElo "2414"]
[Annotator "ChessBase"]
[PlyCount "59"]
[EventDate "2019.04.18"]
[EventType "swiss"]
[EventCountry "GER"]
[SourceTitle "playchess.com"]
[Source "ChessBase"]
[SourceQuality "1"]

1. Nf3 Nf6 2. g3 d5 3. Bg2 c5 4. O-O Nc6 5. d4 e6 6. c4 Be7 7. dxc5 Bxc5 8. a3 O-O 9. b4 Bb6 10. Bb2 Qe7 11. Nbd2 Rd8 12. Qc2 e5 13. e3 e4 14. Nh4 g5 15. Bxf6 Qxf6 16. cxd5 Nd4 17. exd4 gxh4 18. Nxe4 Qxd4 19. Qc1 h3 20. Bf3 Bf5 21. Qg5+ Bg6 22. Rad1 Qb2 23. Bh5 Qxa3 24. Nf6+ Kg7 25. Qe5 Kf8 26. Nxh7+ Bxh7 27. Qh8+ Bg8 28. Qh6+ Ke7 29. Rfe1+ Kd7 30. Bg4+ 1-0

[Event "4th GRENKE Open 2019"]
[Site "Karlsruhe"]
[Date "2019.04.21"]
[Round "6.19"]
[White "Ahlander, Bjorn"]
[Black "Bogner, Sebastian"]
[Result "1-0"]
[WhiteElo "2410"]
[BlackElo "2603"]
[Annotator "ChessBase"]
[PlyCount "153"]
[EventDate "2019.04.18"]
[EventType "swiss"]
[EventCountry "GER"]
[SourceTitle "playchess.com"]
[Source "ChessBase"]
[SourceQuality "1"]

1. d4 Nf6 2. c4 g6 3. Nc3 Bg7 4. e4 d6 5. Nf3 O-O 6. Be2 e5 7. O-O Nc6 8. d5 Ne7 9. Ne1 Nd7 10. Nd3 f5 11. Bd2 fxe4 12. Nxe4 Nf5 13. f3 Nf6 14. Ndf2 Nd4 15. Nxf6+ Qxf6 16. Ne4 Qd8 17. Bg5 Qd7 18. Bd3 a5 19. Qd2 b6 20. f4 exf4 21. Bxf4 b5 22. cxb5 Bb7 23. Nc3 a4 24. Bh6 Qg4 25. Bxg7 Kxg7 26. Be4 Nf5 27. h3 Qh4 28. Bxf5 gxf5 29. Ne2 Rf7 30. Nf4 Kg8 31. Rae1 Qg5 32. Kh2 Kh8 33. Rf2 h6 34. Re3 Kh7 35. Rg3 Qh4 36. Re2 Re7 37. Rxe7+ Qxe7 38. Re3 Qf6 39. Re6 Qg5 40. Rg6 Qe7 41. Re6 Qg5 42. Qe3 Rg8 43. g3 Bc8 44. Re8 Bd7 45. Rxg8 Kxg8 46. b6 cxb6 47. Qxb6 Qf6 48. Nh5 Qe7 49. Qf2 Qe5 50. Qd2 Kf7 51. Nf4 Qe4 52. h4 Bb5 53. Qd1 Ke7 54. Qc1 Bc4 55. b3 axb3 56. axb3 Bxd5 57. Nxd5+ Qxd5 58. Qxh6 Qxb3 59. Qg5+ Ke8 60. Qxf5 d5 61. h5 d4 62. Qe5+ Kf7 63. Qxd4 Kg8 64. Qg4+ Kh8 65. Kh3 Qd5 66. Qc8+ Kh7 67. g4 Qh1+ 68. Kg3 Qe1+ 69. Kf4 Qf2+ 70. Ke5 Qg3+ 71. Kf6 Qd6+ 72. Qe6 Qd4+ 73. Kf7 Qg7+ 74. Ke8 Qd4 75. g5 Qf4 76. Qf7+ Qxf7+ 77. Kxf7 1-0

[Event "4th GRENKE Open 2019"]
[Site "Karlsruhe"]
[Date "2019.04.21"]
[Round "6.20"]
[White "Moussard, Jules"]
[Black "Parvanyan, Ashot"]
[Result "1/2-1/2"]
[WhiteElo "2598"]
[BlackElo "2409"]
[Annotator "ChessBase"]
[PlyCount "62"]
[EventDate "2019.04.18"]
[EventType "swiss"]
[EventCountry "GER"]
[SourceTitle "playchess.com"]
[Source "ChessBase"]
[SourceQuality "1"]

1. e4 e6 2. d4 d5 3. Nd2 Nf6 4. e5 Nfd7 5. Bd3 c5 6. c3 Nc6 7. Ne2 cxd4 8. cxd4 f6 9. exf6 Nxf6 10. Nf3 Bd6 11. O-O Qc7 12. h3 O-O 13. Be3 Bd7 14. Re1 Be8 15. Ng5 Bf7 16. Rc1 h6 17. Nxf7 Qxf7 18. Bb1 Rae8 19. Qd3 Ne7 20. f3 g5 21. Bf2 Nf5 22. g4 Nh4 23. Bxh4 gxh4 24. Kg2 Kh8 25. Qg6 Qxg6 26. Bxg6 Re7 27. a3 Rg8 28. Bb1 Nh5 29. Ba2 Nf4+ 30. Nxf4 Bxf4 31. Rc2 Rge8 1/2-1/2

[Event "4th GRENKE Open 2019"]
[Site "Karlsruhe"]
[Date "2019.04.21"]
[Round "6.21"]
[White "Roseneck, Jonas"]
[Black "Kozul, Zdenko"]
[Result "1/2-1/2"]
[WhiteElo "2407"]
[BlackElo "2589"]
[Annotator "ChessBase"]
[PlyCount "47"]
[EventDate "2019.04.18"]
[EventType "swiss"]
[EventCountry "GER"]
[SourceTitle "playchess.com"]
[Source "ChessBase"]
[SourceQuality "1"]

1. e4 c5 2. Nf3 d6 3. d4 cxd4 4. Nxd4 Nf6 5. Nc3 a6 6. Be3 e6 7. f3 h5 8. a4 Nc6 9. Bc4 Bd7 10. Qe2 Be7 11. O-O Na5 12. Bd3 Rc8 13. Nb3 O-O 14. Kh1 Nxb3 15. cxb3 Bc6 16. Rad1 d5 17. e5 Nd7 18. f4 g6 19. f5 exf5 20. Bxf5 gxf5 21. Rxf5 f6 22. Qxh5 Nxe5 23. Rxe5 fxe5 24. Qg6+ 1/2-1/2

[Event "4th GRENKE Open 2019"]
[Site "Karlsruhe"]
[Date "2019.04.21"]
[Round "6.22"]
[White "Sumets, Andrey"]
[Black "Thinius, Marco"]
[Result "1-0"]
[WhiteElo "2588"]
[BlackElo "2406"]
[Annotator "ChessBase"]
[PlyCount "93"]
[EventDate "2019.04.18"]
[EventType "swiss"]
[EventCountry "GER"]
[SourceTitle "playchess.com"]
[Source "ChessBase"]
[SourceQuality "1"]

1. d4 Nf6 2. Nf3 g6 3. Nbd2 Bg7 4. e4 d6 5. Bd3 O-O 6. O-O Nc6 7. c3 e6 8. Re1 b6 9. Nf1 Bb7 10. Ng3 a6 11. h3 e5 12. Bg5 h6 13. Be3 Qd7 14. Qd2 h5 15. Rad1 Rfe8 16. Bh6 Nh7 17. Bxg7 Kxg7 18. Bc2 Qe7 19. a3 Rad8 20. b4 Qf6 21. Ba4 b5 22. Bb3 Nb8 23. dxe5 dxe5 24. Qe3 Rxd1 25. Rxd1 h4 26. Ne2 Qe7 27. c4 bxc4 28. Bxc4 Nd7 29. Nc3 Nb6 30. Bd5 Bc8 31. Bc6 Rf8 32. Nd5 Nxd5 33. Rxd5 f6 34. Qc5 Qxc5 35. Rxc5 Rf7 36. Bd5 Re7 37. Nxh4 Ng5 38. Rc3 Ne6 39. Bxe6 Bxe6 40. Nf3 Kf7 41. Ne1 Bc8 42. h4 f5 43. Nd3 Bb7 44. f3 Kf6 45. Nc5 Bc8 46. Kf2 f4 47. a4 1-0

[Event "4th GRENKE Open 2019"]
[Site "Karlsruhe"]
[Date "2019.04.21"]
[Round "6.23"]
[White "Donchenko, Alexander"]
[Black "Ertan, Can"]
[Result "1-0"]
[WhiteElo "2584"]
[BlackElo "2404"]
[Annotator "ChessBase"]
[PlyCount "69"]
[EventDate "2019.04.18"]
[EventType "swiss"]
[EventCountry "GER"]
[SourceTitle "playchess.com"]
[Source "ChessBase"]
[SourceQuality "1"]

1. d4 Nf6 2. c4 e6 3. g3 d5 4. Bg2 dxc4 5. Nf3 Bb4+ 6. Bd2 a5 7. Qc2 Bxd2+ 8. Qxd2 c6 9. a4 Ne4 10. Qc2 Nd6 11. O-O Na6 12. Ne5 Nb4 13. Qc1 O-O 14. Na3 f6 15. Nexc4 b6 16. Rd1 Ba6 17. Nxd6 Qxd6 18. Nc4 Qc7 19. Qc3 Rad8 20. e4 Kh8 21. Ne3 e5 22. d5 Bb7 23. Bh3 Qd6 24. Be6 cxd5 25. exd5 Bc8 26. Nf5 Qb8 27. Qc4 Rfe8 28. Rac1 Bd7 29. Nxg7 Bxe6 30. Nxe6 Rd7 31. Qh4 Rf7 32. Qh5 Rfe7 33. Qf5 Nxd5 34. Rxd5 Rxe6 35. Rd7 1-0

[Event "4th GRENKE Open 2019"]
[Site "Karlsruhe"]
[Date "2019.04.21"]
[Round "6.24"]
[White "Bronstein, Or"]
[Black "Lopez Martinez, Josep Manuel"]
[Result "0-1"]
[WhiteElo "2387"]
[BlackElo "2578"]
[Annotator "ChessBase"]
[PlyCount "74"]
[EventDate "2019.04.18"]
[EventType "swiss"]
[EventCountry "GER"]
[SourceTitle "playchess.com"]
[Source "ChessBase"]
[SourceQuality "1"]

1. d4 e6 2. c4 Bb4+ 3. Bd2 a5 4. g3 d5 5. Bg2 dxc4 6. Nf3 Nc6 7. e3 Nge7 8. a3 Bd6 9. Qa4 O-O 10. Qxc4 b6 11. Ng5 h6 12. Ne4 Ba6 13. Qc2 e5 14. d5 Nb8 15. Nbc3 f5 16. Nxd6 cxd6 17. b4 axb4 18. axb4 Bd3 19. Qb2 Rxa1+ 20. Qxa1 Na6 21. Qa4 Qa8 22. f4 e4 23. g4 Nxd5 24. gxf5 Ndxb4 25. Qb3+ Kh8 26. Rg1 d5 27. Ne2 Nc2+ 28. Kf2 Qd8 29. Bh3 d4 30. Nxd4 Nxd4 31. Qb2 Rxf5 32. Bc3 Qh4+ 33. Rg3 Rxf4+ 34. exf4 Qxf4+ 35. Ke1 Nc2+ 36. Kd1 e3 37. Bxg7+ Kh7 0-1

[Event "4th GRENKE Open 2019"]
[Site "Karlsruhe"]
[Date "2019.04.21"]
[Round "6.25"]
[White "Kollars, Dmitrij"]
[Black "Menezes, Christoph"]
[Result "1/2-1/2"]
[WhiteElo "2570"]
[BlackElo "2399"]
[Annotator "ChessBase"]
[PlyCount "64"]
[EventDate "2019.04.18"]
[EventType "swiss"]
[EventCountry "GER"]
[SourceTitle "playchess.com"]
[Source "ChessBase"]
[SourceQuality "1"]

1. e4 e5 2. Nf3 Nc6 3. Bb5 Nf6 4. d3 Bc5 5. c3 O-O 6. O-O d6 7. Nbd2 Ne7 8. d4 exd4 9. cxd4 Bb6 10. Re1 Bg4 11. h3 Bh5 12. a4 a5 13. Bf1 Nc6 14. g4 Bg6 15. Nc4 Nxe4 16. Nxb6 cxb6 17. Bg2 Nb4 18. Be3 Rc8 19. Re2 Re8 20. Rc1 Rxc1 21. Bxc1 h6 22. Bf4 Nf6 23. Rxe8+ Nxe8 24. Bd2 Bc2 25. Qe1 Nd5 26. g5 hxg5 27. Nxg5 Nef6 28. Qa1 Qd7 29. Qa2 Qf5 30. Qa3 Qd7 31. Qa2 Qf5 32. Qa3 Qd7 1/2-1/2

[Event "4th GRENKE Open 2019"]
[Site "Karlsruhe"]
[Date "2019.04.21"]
[Round "6.26"]
[White "Kosakowski, Jakub"]
[Black "Gareyev, Timur"]
[Result "1-0"]
[WhiteElo "2381"]
[BlackElo "2560"]
[Annotator "ChessBase"]
[PlyCount "128"]
[EventDate "2019.04.18"]
[EventType "swiss"]
[EventCountry "GER"]
[SourceTitle "playchess.com"]
[Source "ChessBase"]
[SourceQuality "1"]

1. e4 c5 2. Nf3 Nc6 3. Bb5 g6 4. Bxc6 bxc6 5. O-O Bg7 6. Re1 Nh6 7. c3 d6 8. h3 O-O 9. d4 cxd4 10. cxd4 f6 11. Nc3 Nf7 12. Be3 e5 13. Qb3 Qe7 14. Rad1 Kh8 15. Qa3 Be6 16. Qa6 Rfc8 17. d5 cxd5 18. Nxd5 Qd8 19. Nd2 f5 20. f3 Rc2 21. Rc1 Qc8 22. Qxc8+ Raxc8 23. Nb3 Bxd5 24. exd5 Bh6 25. Bxh6 Nxh6 26. Rxc2 Rxc2 27. Rc1 Rxb2 28. Na5 Rxa2 29. Nb7 Nf7 30. Rc6 Rd2 31. Nxd6 Nxd6 32. Rxd6 a5 33. Rd7 h5 34. d6 a4 35. Ra7 Rxd6 36. Rxa4 Kg7 37. Kf2 Rd4 38. Ra6 h4 39. Re6 Rd2+ 40. Kf1 Rd5 41. Kf2 Kh6 42. Ra6 Kg5 43. Rb6 Rd2+ 44. Kf1 e4 45. fxe4 fxe4 46. Rb3 Kf4 47. Ra3 Rd3 48. Ra5 Ke3 49. Ke1 Rb3 50. Ra1 g5 51. Rc1 Kf4 52. Kf2 Rb2+ 53. Kg1 Rd2 54. Rc5 Rd1+ 55. Kf2 g4 56. hxg4 e3+ 57. Ke2 Rd2+ 58. Kf1 Rf2+ 59. Kg1 Kg3 60. g5 Rxg2+ 61. Kf1 h3 62. g6 e2+ 63. Ke1 Kh2 64. Rf5 Kg1 1-0

[Event "4th GRENKE Open 2019"]
[Site "Karlsruhe"]
[Date "2019.04.21"]
[Round "6.27"]
[White "Neiksans, Arturs"]
[Black "Schmidek, Emil"]
[Result "1-0"]
[WhiteElo "2559"]
[BlackElo "2393"]
[Annotator "ChessBase"]
[PlyCount "101"]
[EventDate "2019.04.18"]
[EventType "swiss"]
[EventCountry "GER"]
[SourceTitle "playchess.com"]
[Source "ChessBase"]
[SourceQuality "1"]

1. e4 e5 2. Nf3 Nc6 3. Bc4 Nf6 4. d3 Be7 5. O-O O-O 6. Re1 d6 7. a4 Na5 8. Ba2 c5 9. Na3 h6 10. c3 Nc6 11. Bd2 Re8 12. Nc4 Be6 13. h3 Bf8 14. Qb1 a6 15. Ne3 b6 16. Bxe6 Rxe6 17. Nd5 Re8 18. b4 cxb4 19. Nxf6+ Qxf6 20. cxb4 Ne7 21. b5 a5 22. Qb2 Ng6 23. Rac1 d5 24. exd5 Bc5 25. Be3 Qd6 26. Qb3 Rad8 27. Bxc5 bxc5 28. g3 Qxd5 29. Qxd5 Rxd5 30. Rc3 Red8 31. Rb1 Rxd3 32. Rxd3 Rxd3 33. b6 Rd8 34. b7 Rb8 35. Nd2 Ne7 36. Ne4 c4 37. Nd6 Nc6 38. Nxc4 Kf8 39. Rb6 Nd8 40. Nxa5 Ke7 41. Kg2 Kd7 42. Kf3 Kc7 43. Rb5 f6 44. Ke4 Nf7 45. Kd5 Ng5 46. Rc5+ Kd7 47. Rc6 Nxh3 48. Rc2 Ng5 49. Kc5 Ne6+ 50. Kb6 Nd4 51. Rc7+ 1-0

[Event "4th GRENKE Open 2019"]
[Site "Karlsruhe"]
[Date "2019.04.21"]
[Round "6.28"]
[White "Antal, Gergely"]
[Black "D`Costa, Lorin"]
[Result "1/2-1/2"]
[WhiteElo "2552"]
[BlackElo "2390"]
[Annotator "ChessBase"]
[PlyCount "139"]
[EventDate "2019.04.18"]
[EventType "swiss"]
[EventCountry "GER"]
[SourceTitle "playchess.com"]
[Source "ChessBase"]
[SourceQuality "1"]

1. e4 c5 2. Nf3 e6 3. d4 cxd4 4. Nxd4 a6 5. c4 Nf6 6. Nc3 Bb4 7. Qd3 d6 8. Nc2 Bxc3+ 9. Qxc3 O-O 10. Bd3 e5 11. O-O Be6 12. b3 Qc7 13. f4 exf4 14. Bxf4 Nh5 15. Bg5 Nd7 16. Qd4 Rfe8 17. Be2 Nhf6 18. Bf4 Bd5 19. exd5 Rxe2 20. Ne3 Re8 21. Qd3 Rb2 22. Qc3 Re2 23. Qd3 Rb2 24. Rfe1 Qa5 25. Qf1 Rxa2 26. b4 Qa3 27. Rab1 g6 28. Bh6 Qc3 29. Kh1 Re4 30. c5 dxc5 31. bxc5 Qxc5 32. Rxb7 Qc8 33. Reb1 Re8 34. R7b3 Ne4 35. Nd1 Nd2 36. Bxd2 Rxd2 37. Ne3 Rd4 38. Qf2 Rde4 39. Nc2 R4e5 40. Rd1 Re4 41. Rbd3 R4e5 42. Rf1 Rf5 43. Rf3 Rxf3 44. Qxf3 Ne5 45. Qd1 Qc5 46. Re1 f6 47. h3 a5 48. Re4 Rc8 49. Re2 a4 50. Ne1 Ra8 51. d6 Rd8 52. Qxa4 Qxd6 53. Nf3 Qd1+ 54. Qxd1 Rxd1+ 55. Kh2 Nxf3+ 56. gxf3 Kf7 57. Kg2 g5 58. h4 gxh4 59. Re4 h5 60. Rxh4 Kg6 61. Rc4 Kg5 62. Kg3 Rg1+ 63. Kf2 Rb1 64. Kg3 h4+ 65. Kh3 Rh1+ 66. Kg2 Rd1 67. Rg4+ Kh5 68. Kh3 Rh1+ 69. Kg2 Rc1 70. Kh3 1/2-1/2

[Event "4th GRENKE Open 2019"]
[Site "Karlsruhe"]
[Date "2019.04.21"]
[Round "6.29"]
[White "Basso, Pier Luigi"]
[Black "Miedema, David"]
[Result "1-0"]
[WhiteElo "2516"]
[BlackElo "2369"]
[Annotator "ChessBase"]
[PlyCount "49"]
[EventDate "2019.04.18"]
[EventType "swiss"]
[EventCountry "GER"]
[SourceTitle "playchess.com"]
[Source "ChessBase"]
[SourceQuality "1"]

1. d4 Nf6 2. c4 e6 3. Nf3 d5 4. Nc3 Bb4 5. cxd5 exd5 6. Bg5 h6 7. Bh4 O-O 8. e3 Bf5 9. Qb3 Bxc3+ 10. bxc3 Nbd7 11. Be2 c5 12. dxc5 g5 13. Nd4 Bg6 14. c6 bxc6 15. Nxc6 Qe8 16. Bg3 Nc5 17. Qb5 Nfe4 18. c4 a6 19. Qb6 Na4 20. Qc7 dxc4 21. Ne7+ Kh7 22. Bxc4 Nxg3 23. hxg3 Be4 24. Qe5 Ra7 25. Qxg5 1-0

[Event "4th GRENKE Open 2019"]
[Site "Karlsruhe"]
[Date "2019.04.21"]
[Round "6.30"]
[White "Haast, Mark"]
[Black "Nasuta, Grzegorz"]
[Result "1/2-1/2"]
[WhiteElo "2381"]
[BlackElo "2516"]
[Annotator "ChessBase"]
[PlyCount "213"]
[EventDate "2019.04.18"]
[EventType "swiss"]
[EventCountry "GER"]
[SourceTitle "playchess.com"]
[Source "ChessBase"]
[SourceQuality "1"]

1. c4 g6 2. g3 c5 3. Bg2 Bg7 4. Nc3 Nc6 5. Nf3 e6 6. d4 cxd4 7. Nb5 d5 8. cxd5 exd5 9. Nbxd4 Nge7 10. O-O O-O 11. b3 Bg4 12. Bb2 Qb6 13. Nxc6 bxc6 14. Bxg7 Kxg7 15. Ne5 Be6 16. Rc1 Rac8 17. Nd3 Bf5 18. Nc5 Qb4 19. a3 Qb8 20. Qd4+ Kg8 21. Rc3 Rcd8 22. Rd1 Rfe8 23. h3 Nc8 24. g4 Be6 25. a4 Nb6 26. Rdc1 Bc8 27. e3 Nd7 28. Nd3 Bb7 29. a5 Nf8 30. Nc5 Bc8 31. Bf1 h6 32. Bd3 Qe5 33. Qxe5 Rxe5 34. Bf1 h5 35. Nd3 Ree8 36. gxh5 d4 37. Rxc6 dxe3 38. fxe3 Bf5 39. Nf4 g5 40. Ng2 Bxh3 41. R1c2 Rd1 42. Kf2 Ra1 43. a6 Ne6 44. Rc8 Rxc8 45. Rxc8+ Kg7 46. h6+ Kg6 47. Bd3+ Kxh6 48. Rh8+ Kg7 49. Rxh3 Nc5 50. Bc2 Nxa6 51. Ne1 Nb4 52. Rh2 Rc1 53. Kf1 g4 54. Bf5 g3 55. Re2 Kf6 56. Bh7 Rc3 57. Nc2 Nd5 58. Be4 Ke5 59. Bxd5 Kxd5 60. e4+ Ke5 61. b4 f5 62. exf5+ Kxf5 63. Kg2 Kf4 64. Nd4 Rc4 65. Nc2 Rc3 66. Rd2 Ke4 67. Rd4+ Ke5 68. Rd2 Ke4 69. Na1 Ra3 70. Rd1 Kf4 71. Rf1+ Ke4 72. Re1+ Kd3 73. Rb1 Kc4 74. Kh3 a6 75. Rc1+ Rc3 76. Rb1 Ra3 77. Nc2 Rc3 78. Rb2 Rb3 79. Ra2 Kc3 80. Ne1 Kxb4 81. Rxa6 Kc5 82. Rf6 Kd5 83. Nf3 Ra3 84. Kxg3 Rb3 85. Rf5+ Kd6 86. Ra5 Rb4 87. Ng5 Rc4 88. Kf3 Rc1 89. Ne4+ Ke6 90. Nc5+ Kd6 91. Nd3 Rd1 92. Ke4 Kc6 93. Rc5+ Kd6 94. Rh5 Rd2 95. Rh6+ Ke7 96. Nf4 Rd1 97. Nd3 Rd2 98. Ra6 Rd1 99. Nc5 Re1+ 100. Kf5 Rf1+ 101. Ke5 Re1+ 102. Ne4 Re2 103. Ra7+ Ke8 104. Kd5 Re1 105. Nf6+ Kf8 106. Kd6 Re6+ 107. Kxe6 1/2-1/2

[Event "4th GRENKE Open 2019"]
[Site "Karlsruhe"]
[Date "2019.04.21"]
[Round "6.31"]
[White "Studer, Noel"]
[Black "Soham Das"]
[Result "1-0"]
[WhiteElo "2514"]
[BlackElo "2367"]
[Annotator "ChessBase"]
[PlyCount "77"]
[EventDate "2019.04.18"]
[EventType "swiss"]
[EventCountry "GER"]
[SourceTitle "playchess.com"]
[Source "ChessBase"]
[SourceQuality "1"]

1. d4 f5 2. g3 Nf6 3. Bg2 g6 4. Nf3 Bg7 5. O-O O-O 6. c4 d6 7. Nc3 Qe8 8. b3 Na6 9. Ba3 c6 10. Qc2 b5 11. Bb2 Rb8 12. cxb5 cxb5 13. a4 b4 14. Nb5 Qd7 15. Qc4+ e6 16. Rfc1 Bh6 17. e3 Bb7 18. Nxa7 Bxf3 19. Bxf3 Qxa7 20. Qxe6+ Rf7 21. Qxd6 Bf8 22. Qc6 Rb6 23. Qc4 Qc7 24. a5 Rd6 25. Qb5 Qb8 26. Qxb8 Nxb8 27. d5 Na6 28. Be5 Rd8 29. Rc6 Nd7 30. Bd4 Ndc5 31. Rb1 Rc7 32. Bxc5 Bxc5 33. Rxa6 Rd6 34. Ra8+ Kf7 35. Rc1 Rdd7 36. a6 Ba7 37. Rxc7 Rxc7 38. d6 Rd7 39. Bc6 1-0

[Event "4th GRENKE Open 2019"]
[Site "Karlsruhe"]
[Date "2019.04.21"]
[Round "6.32"]
[White "Shvayger, Yuliya"]
[Black "Engel, Luis"]
[Result "0-1"]
[WhiteElo "2366"]
[BlackElo "2490"]
[Annotator "ChessBase"]
[PlyCount "92"]
[EventDate "2019.04.18"]
[EventType "swiss"]
[EventCountry "GER"]
[SourceTitle "playchess.com"]
[Source "ChessBase"]
[SourceQuality "1"]

1. e4 c5 2. Nf3 d6 3. d4 cxd4 4. Nxd4 Nf6 5. Nc3 a6 6. g3 e5 7. Nb3 Be7 8. Bg2 Bg4 9. Qd3 O-O 10. O-O a5 11. Be3 a4 12. Nd2 Nbd7 13. f4 exf4 14. gxf4 Re8 15. Bd4 Bf8 16. Qg3 Qc7 17. Kh1 Ra6 18. Rae1 Bh5 19. Rg1 a3 20. b3 Bg6 21. f5 Bh5 22. Bf1 Ra5 23. Nc4 Rae5 24. Bxe5 dxe5 25. Nxa3 g6 26. Nab5 Qc5 27. Be2 Bh6 28. Bxh5 Nxh5 29. Qh3 Ndf6 30. Qf3 Rc8 31. Rd1 Kh8 32. a4 Nf4 33. Rd6 Rc6 34. Rgd1 Bf8 35. Rd8 Kg7 36. Nd5 N6xd5 37. exd5 Rf6 38. Rxf8 Kxf8 39. d6 Rxf5 40. c4 Ne6 41. Qxb7 Qe3 42. Nc7 Nd8 43. Qa8 Kg7 44. Ne8+ Kh6 45. Qg2 Rg5 46. Qa8 e4 0-1

[Event "4th GRENKE Open 2019"]
[Site "Karlsruhe"]
[Date "2019.04.21"]
[Round "6.33"]
[White "Pijpers, Arthur"]
[Black "Gatineau, Yovann"]
[Result "0-1"]
[WhiteElo "2485"]
[BlackElo "2366"]
[Annotator "ChessBase"]
[PlyCount "48"]
[EventDate "2019.04.18"]
[EventType "swiss"]
[EventCountry "GER"]
[SourceTitle "playchess.com"]
[Source "ChessBase"]
[SourceQuality "1"]

1. e4 e5 2. Nf3 Nc6 3. Bb5 a6 4. Ba4 Nf6 5. O-O Bc5 6. c3 b5 7. Bb3 d6 8. d4 Bb6 9. a4 Bg4 10. Bg5 Rb8 11. axb5 axb5 12. d5 Ne7 13. h3 Bd7 14. Nbd2 Ng6 15. Nh4 h6 16. Nxg6 fxg6 17. Be3 O-O 18. Bxb6 Rxb6 19. Kh2 Nh5 20. Nf3 Rb8 21. g3 Qf6 22. Ng1 Qxf2+ 23. Rxf2 Rxf2+ 24. Kh1 Nxg3# 0-1

[Event "4th GRENKE Open 2019"]
[Site "Karlsruhe"]
[Date "2019.04.21"]
[Round "6.34"]
[White "Nothnagel, Marian Can"]
[Black "Beerdsen, Thomas"]
[Result "0-1"]
[WhiteElo "2363"]
[BlackElo "2483"]
[Annotator "ChessBase"]
[PlyCount "58"]
[EventDate "2019.04.18"]
[EventType "swiss"]
[EventCountry "GER"]
[SourceTitle "playchess.com"]
[Source "ChessBase"]
[SourceQuality "1"]

1. e4 c5 2. Nf3 e6 3. d3 d5 4. Nbd2 Nf6 5. g3 Nc6 6. Bg2 b6 7. O-O Be7 8. Qe2 Bb7 9. e5 Nd7 10. h4 Qc7 11. Re1 O-O-O 12. c4 Nf8 13. a3 h6 14. h5 g6 15. b4 gxh5 16. bxc5 bxc5 17. d4 h4 18. cxd5 exd5 19. Rb1 Ne6 20. dxc5 hxg3 21. fxg3 h5 22. Bh3 h4 23. Bxe6+ fxe6 24. g4 Rhg8 25. Qg2 Bxc5+ 26. Kh2 Rdf8 27. Nb3 Bb6 28. Bh6 Rf6 29. Bd2 Rgf8 0-1

[Event "4th GRENKE Open 2019"]
[Site "Karlsruhe"]
[Date "2019.04.21"]
[Round "6.35"]
[White "Warmerdam, Max"]
[Black "Petkidis, Anthony"]
[Result "1/2-1/2"]
[WhiteElo "2472"]
[BlackElo "2338"]
[Annotator "ChessBase"]
[PlyCount "91"]
[EventDate "2019.04.18"]
[EventType "swiss"]
[EventCountry "GER"]
[SourceTitle "playchess.com"]
[Source "ChessBase"]
[SourceQuality "1"]

1. e4 e5 2. Nf3 Nc6 3. Bb5 a6 4. Ba4 Nf6 5. O-O Be7 6. Re1 b5 7. Bb3 d6 8. c3 O-O 9. h3 Nd7 10. d4 Bb7 11. Nbd2 exd4 12. cxd4 Na5 13. Bc2 Bf6 14. Nf1 Re8 15. Ng3 g6 16. Bh6 Nc4 17. b3 Na3 18. Bf4 Nxc2 19. Qxc2 c5 20. Bxd6 cxd4 21. Rad1 Qb6 22. Bf4 Nc5 23. Nxd4 Nxe4 24. Nxe4 Bxd4 25. Nd6 Rxe1+ 26. Rxe1 Qc6 27. Qxc6 Bxc6 28. Rc1 Be8 29. Re1 Bc6 30. Rc1 Be8 31. Rc7 Rd8 32. Kf1 Bb6 33. Nxe8 Rxe8 34. Rc6 Re6 35. Rxe6 fxe6 36. Ke2 Kf7 37. Be5 h5 38. f3 Ke7 39. Kd3 Bc5 40. Ke4 Bb6 41. Kf4 Kf7 42. Kg5 Be3+ 43. Bf4 Bd4 44. Kh6 Bg7+ 45. Kh7 Bd4 46. Bg5 1/2-1/2

[Event "4th GRENKE Open 2019"]
[Site "Karlsruhe"]
[Date "2019.04.21"]
[Round "6.36"]
[White "Burcu, Cagatay"]
[Black "Vrolijk, Liam"]
[Result "1/2-1/2"]
[WhiteElo "2329"]
[BlackElo "2465"]
[Annotator "ChessBase"]
[PlyCount "55"]
[EventDate "2019.04.18"]
[EventType "swiss"]
[EventCountry "GER"]
[SourceTitle "playchess.com"]
[Source "ChessBase"]
[SourceQuality "1"]

1. d4 Nf6 2. Bf4 d5 3. Nf3 c5 4. e3 e6 5. c3 Nc6 6. Nbd2 Be7 7. h3 Bd6 8. dxc5 Bxc5 9. Bd3 Qe7 10. e4 e5 11. Bg5 d4 12. cxd4 Bxd4 13. O-O O-O 14. Bb5 Bxb2 15. Rb1 Bc3 16. Bxc6 bxc6 17. Qc2 Bxd2 18. Bxd2 Ba6 19. Bb4 c5 20. Bxc5 Rfc8 21. Bxe7 Rxc2 22. Rfc1 Rxa2 23. Rc7 Ne8 24. Rd7 f6 25. Bc5 Ra4 26. Nd2 Rc8 27. Bxa7 Bd3 28. Rxd3 1/2-1/2

[Event "4th GRENKE Open 2019"]
[Site "Karlsruhe"]
[Date "2019.04.21"]
[Round "6.38"]
[White "Hess, Max"]
[Black "Perske, Thore"]
[Result "1/2-1/2"]
[WhiteElo "2307"]
[BlackElo "2450"]
[Annotator "ChessBase"]
[PlyCount "79"]
[EventDate "2019.04.18"]
[EventType "swiss"]
[EventCountry "GER"]
[SourceTitle "playchess.com"]
[Source "ChessBase"]
[SourceQuality "1"]

1. d4 Nf6 2. c4 g6 3. Nc3 Bg7 4. e4 d6 5. f3 O-O 6. Be3 Nc6 7. Nge2 a6 8. Qd2 Na5 9. b3 b5 10. cxb5 axb5 11. Rc1 c6 12. Nf4 e5 13. dxe5 dxe5 14. Qxd8 Rxd8 15. Nd3 Nd7 16. Be2 Nf8 17. Kf2 Ne6 18. Rhd1 Nd4 19. Bf1 Be6 20. Nc5 Bf8 21. Nxe6 Nxe6 22. Rxd8 Rxd8 23. Ne2 Rb8 24. g3 c5 25. Nc3 c4 26. bxc4 bxc4 27. Rb1 Rxb1 28. Nxb1 Bb4 29. a3 Bc5 30. Bxc5 Nxc5 31. Ke3 Na4 32. f4 f6 33. Kd2 Kf8 34. Kc2 Ke7 35. fxe5 fxe5 36. Nd2 Nb6 37. Kc3 Na4+ 38. Kc2 Nb6 39. Kc3 Na4+ 40. Kc2 1/2-1/2

[Event "4th GRENKE Open 2019"]
[Site "Karlsruhe"]
[Date "2019.04.21"]
[Round "6.39"]
[White "Barzen, Pascal"]
[Black "Garriga Cazorla, Pere"]
[Result "0-1"]
[WhiteElo "2278"]
[BlackElo "2445"]
[Annotator "NA"]
[PlyCount "68"]
[EventDate "2019.04.18"]
[EventType "swiss"]
[EventCountry "GER"]
[SourceTitle "playchess.com"]
[Source "ChessBase"]
[SourceQuality "1"]

1. e4 c5 2. Nf3 d6 3. Bb5+ Nd7 4. c3 Ngf6 5. Qe2 a6 6. Ba4 b5 7. Bc2 Bb7 8. O-O e6 9. d4 Be7 10. Re1 Qc7 11. Bg5 Rc8 12. Bd3 h6 13. Bh4 cxd4 14. cxd4 Qb6 15. h3 e5 16. dxe5 dxe5 17. a4 bxa4 18. Nbd2 O-O 19. Nc4 Qe6 20. Na5 Ba8 21. Bxa6 Rb8 22. Rxa4 Bb4 23. Rea1 Bxe4 24. Bc4 Qf5 25. Nb3 Rfc8 26. Bxf6 Nxf6 27. Ra7 Rf8 28. Nfd2 Bxd2 29. Qxd2 Qg6 30. g3 Qh5 31. Nc5 Bc6 32. h4 Qf3 33. Kf1 Rbd8 34. Qc3 Rd1+ 0-1

[Event "4th GRENKE Open 2019"]
[Site "Karlsruhe"]
[Date "2019.04.21"]
[Round "6.40"]
[White "Zolfagharian, Kevin"]
[Black "Krause, Benedict"]
[Result "1/2-1/2"]
[WhiteElo "2192"]
[BlackElo "2435"]
[Annotator "NA"]
[PlyCount "55"]
[EventDate "2019.04.18"]
[EventType "swiss"]
[EventCountry "GER"]
[SourceTitle "playchess.com"]
[Source "ChessBase"]
[SourceQuality "1"]

1. e4 c5 2. Nf3 e6 3. d4 cxd4 4. Nxd4 Nc6 5. Nc3 Qc7 6. Be3 a6 7. Qd2 Nf6 8. O-O-O Bb4 9. f3 Ne7 10. Nde2 b5 11. Bg5 Ba5 12. Bxf6 gxf6 13. Qh6 Ng6 14. h4 Ke7 15. h5 Ne5 16. f4 Bxc3 17. Nxc3 Ng4 18. Qg7 Qxf4+ 19. Kb1 Bb7 20. g3 Qg5 21. Rxd7+ Kxd7 22. Qxf7+ Kc6 23. Qxe6+ Kc7 24. Qe7+ Kb6 25. Qd6+ Ka7 26. Qd4+ Kb8 27. Qd6+ Ka7 28. Qd1 1/2-1/2